MATHEMATICS FOR COMPUTER SCIENCE (Record no. 215654)

MARC details
000 -LEADER
fixed length control field 00488nam a22001817a 4500
008 - FIXED-LENGTH DATA ELEMENTS--GENERAL INFORMATION
fixed length control field 250611b |||||||| |||| 00| 0 eng d
020 ## - INTERNATIONAL STANDARD BOOK NUMBER
International Standard Book Number 978-1-821-33155-9
050 ## - LIBRARY OF CONGRESS CALL NUMBER
Classification number QA 39.2.M3 2018
100 ## - MAIN ENTRY--PERSONAL NAME
Personal name LEHMAN ERIC
245 ## - TITLE STATEMENT
Title MATHEMATICS FOR COMPUTER SCIENCE
250 ## - EDITION STATEMENT
Edition statement REVISED
260 ## - PUBLICATION, DISTRIBUTION, ETC.
Place of publication, distribution, etc. NEWYORK
Name of publisher, distributor, etc. LEHMAN
Date of publication, distribution, etc. 2018
300 ## - PHYSICAL DESCRIPTION
Extent X,1038
650 ## - SUBJECT ADDED ENTRY
Topical term or geographic name entry element Mathematics. Computer science--Mathematics.
700 ## - ADDED ENTRY--PERSONAL NAME
Personal name LEIGHTON THOMSON F.
942 ## - ADDED ENTRY ELEMENTS (KOHA)
Source of classification or shelving scheme Library of Congress Classification
Koha item type Long Loan Book
Holdings
Withdrawn status Lost status Source of classification or shelving scheme Damaged status Not for loan Collection Home library Current library Shelving location Date acquired Inventory number Total checkouts Full call number Barcode Date last seen Copy number Price effective from Koha item type
    Library of Congress Classification     Science & Technology Kisii University Library Kisii University Library On Display 06/11/2025 108195   QA 39.2.M3 2018 000000018769 06/11/2025 C.1 06/11/2025 Long Loan Book
    Library of Congress Classification     Science & Technology Kisii University Library Kisii University Library On Display 06/11/2025 108196   QA 39.2.M3 2018 000000018768 06/11/2025 C.2 06/11/2025 Long Loan Book
    Library of Congress Classification     Science & Technology Kisii University Library Kisii University Library On Display 06/11/2025 108197   QA 39.2.M3 2018 000000018767 06/11/2025 C.3 06/11/2025 Long Loan Book